Prueba de Ruanda - Estadísticas

Estadísticas generales
  • Esta prueba ha sido intentada 848 veces
  • La puntuación promedio es 12 de 18
Estadísticas de respuestas
Pista Respuesta % Correcto
Países limítrofes República Democrática del Congo
95%
Países limítrofes Uganda
95%
Países limítrofes Burundi
92%
Países limítrofes Tanzania
91%
Ruanda es el cuarto país más pequeño de África, sin incluir las naciones insulares. Nombra uno de los tres países más pequeños. Gambia | Esuatini | Yibuti
87%
Idiomas oficiales Inglés
87%
Idiomas oficiales Francés
86%
El otro país europeo que colonizó Ruanda Alemania
84%
País del que Ruanda obtuvo su independencia en 1962 Bélgica
78%
Capital Kigali
71%
Ruanda es uno de los tres países en los que la mayoría de los miembros del Parlamento son ______ Mujeres
69%
Ruanda es uno de los tres países donde este primate vive en estado salvaje {Gorila} de montaña
67%
Grupo étnico que fue la principal víctima del genocidio en 1994 Tutsi
61%
Grupo étnico que fue el principal perpetrador Hutu
56%
Idiomas oficiales Suajili
45%
El Gran Lago que limita con Ruanda Lake Kivu
23%
Presidente desde 2000, a menudo considerado un "dictador benévolo" Paul Kagame
22%
Idiomas oficiales Kinyarwanda
19%
No se encontraron pruebas coincidentes
Distribución de puntuación
Porcentaje de gente con cada puntuación
Porcentaje por número respondido
Historial de tus puntuaciones
No has intentado esta prueba.